000 00613nam a2200229Ia 4500
003 OSt
005 20221005131123.0
006 a|||||r|||| 00| 0
007 ta
008 221004b |||||||| |||| 00| 0 eng d
024 _a62781
037 _cTextual
040 _aCRL
_cCRL
_beng
041 _2eng
_aeng
082 _aS5, J41
100 _aKarpman Benjamin
_9639131
245 0 _aSexual offender and his offenses
_b Etiology, pathology, psychodynamics and treatment
260 _c1954
650 _aPSYCHOLOGY
942 _hS5, J41
_cTEXL
_2cc
999 _c1059396
_d1059396